| 000 | 00759nam a22002057a 4500 | ||
|---|---|---|---|
| 999 |
_c185547 _d185547 |
||
| 005 | 20220204102402.0 | ||
| 010 | _aENG-131391 | ||
| 020 |
_a9789354601040 _c395.00 |
||
| 035 | _aEN-114923 | ||
| 037 | _bDBAD | ||
| 082 | _a363.34525 | ||
| 100 | _aKhullar, D R | ||
| 245 |
_aEnvironment & Disaster Management: _bFor Civil Services Prelims & Main And Other Competitive Examinations/ _cD R Khullar, J A C S Rao |
||
| 250 | _a3rd Edition | ||
| 260 |
_aUttar Pradesh _bPearson India Education Services _c2021 |
||
| 270 |
_a15th Flooor, Tower-B, World Trade Tower, Plot No. 1, Block-C, Sector-16 _bNoida _e201301 _mcompanysecretary.india@pearson.com |
||
| 300 |
_avp. _c24cm(pbk) |
||
| 700 | _aRao, J A C S | ||
| 942 |
_2ddc _cEN _h363.34525 _mRAO |
||